OpenGL programming guide : (Record no. 15245)

MARC details
000 -LEADER
fixed length control field 01260cam a22003254a 4500
001 - CONTROL NUMBER
control field 3576336
003 - CONTROL NUMBER IDENTIFIER
control field mut
005 - DATE AND TIME OF LATEST TRANSACTION
control field 20240606081330.0
008 - FIXED-LENGTH DATA ELEMENTS--GENERAL INFORMATION
fixed length control field 990505s1999 maua b 001 0 eng
010 ## - LIBRARY OF CONGRESS CONTROL NUMBER
LC control number 99031356
020 ## - INTERNATIONAL STANDARD BOOK NUMBER
International Standard Book Number 0201604582
040 ## - CATALOGING SOURCE
Original cataloging agency DLC
Transcribing agency mut
Modifying agency DLC
042 ## - AUTHENTICATION CODE
Authentication code pcc
050 00 - LIBRARY OF CONGRESS CALL NUMBER
Classification number T385
Item number .N43 1999
082 00 - DEWEY DECIMAL CLASSIFICATION NUMBER
Classification number 006.6/93
Edition information 21
245 00 - TITLE STATEMENT
Title OpenGL programming guide :
Remainder of title the official guide to learning OpenGL, version 1.2 /
250 ## - EDITION STATEMENT
Edition statement 3rd ed.
260 ## - PUBLICATION, DISTRIBUTION, ETC.
Place of publication, distribution, etc. Reading, MA :
Name of publisher, distributor, etc. Addison-Wesley,
Date of publication, distribution, etc. 1999.
300 ## - PHYSICAL DESCRIPTION
Extent xi, 730 p. :
Other physical details ill. ;
Dimensions 24 cm.
500 ## - GENERAL NOTE
General note Rev. ed. of: OpenGL programming guide / Mason Woo. 1997.
504 ## - BIBLIOGRAPHY, ETC. NOTE
Bibliography, etc. note Includes bibliographical references and index.
630 00 - SUBJECT ADDED ENTRY--UNIFORM TITLE
Uniform title OpenGL.
650 #0 - SUBJECT ADDED ENTRY--TOPICAL TERM
Topical term or geographic name entry element Computer graphics.
700 1# - ADDED ENTRY--PERSONAL NAME
Personal name Woo, Mason.
700 1# - ADDED ENTRY--PERSONAL NAME
Personal name Woo, Mason.
Title of a work OpenGL programming guide.
710 2# - ADDED ENTRY--CORPORATE NAME
Corporate name or jurisdiction name as entry element OpenGL Architecture Review Board.
906 ## - LOCAL DATA ELEMENT F, LDF (RLIN)
a 7
b cbc
c orignew
d 1
e ocip
f 19
g y-gencatlg
942 ## - ADDED ENTRY ELEMENTS (KOHA)
Source of classification or shelving scheme Library of Congress Classification
Koha item type Books
Holdings
Withdrawn status Lost status Source of classification or shelving scheme Damaged status Not for loan Home library Current library Shelving location Date acquired Source of acquisition Total checkouts Full call number Barcode Date last seen Price effective from Koha item type
    Library of Congress Classification     Murang'a University of Technology Library Murang'a University of Technology Library General stacks 24/01/2018 Donation-TFC   T385 .N43 1999 018127 30/08/2024 24/01/2018 Books